| 000 | 00758nam a22002057a 4500 | ||
|---|---|---|---|
| 003 | OSt | ||
| 005 | 20251122111819.0 | ||
| 008 | 251122b |||||||| |||| 00| 0 eng d | ||
| 020 | _a 9780128044544 | ||
| 040 |
_aDWCL-Main lib _cOC |
||
| 082 | _aCirc. 364.168 D121i 2016 | ||
| 100 | _aSachowski, Jason | ||
| 245 |
_aImplementing digital forensic readiness: _bfrom reactive to productive process/ _cJason Sachowski |
||
| 260 |
_aCambridge, MA: _bSyngress is an imprint of Elsevier, _cc2016. |
||
| 300 |
_axvii, 355 pages : _b illustrations ; _c24cm. |
||
| 504 | _aIncludes bibliographical references and index | ||
| 650 | _a1. Computer crimes-- investigation | ||
| 650 | _a2. Electronics in criminal investigation | ||
| 942 |
_2ddc _cBK-CIRC _kCirc. _n0 |
||
| 999 |
_c6036 _d6036 |
||